History Quiz

Random History or German Quiz

German Chancellors Quiz Stats

 Plays Quiz Updated Apr 30, 2019

Score 0/8 Timer 05:00
1 Play Today
In Office Chancellor % Correct
2005-Angela Merkel
97.2%
1982-98Helmut Kohl
83.2%
1969-74Willy Brandt
71.1%
1998-2005Gerhard Schröder
70.6%
1949-63Konrad Adenauer
64.7%
1974-82Helmut Schmidt
64.6%
1963-66Ludwig Erhard
41.6%
1966-69Kurt Georg Kiesinger
37%

You're not logged in!

Compare scores with friends on all Sporcle quizzes.
OR
Log In

Sporcle TV

Today on Sporcle TV


Watch our educational content, quiz creation guides, and fun videos on Sporcle TV.

Show Comments

Extras

Top Quizzes Today


Score Distribution

Your Account Isn't Verified!

In order to create a playlist on Sporcle, you need to verify the email address you used during registration. Go to your Sporcle Settings to finish the process.

Report this User

Report this user for behavior that violates our Community Guidelines.

Details: